000 00689nam a2200265Ia 4500
005 20260302115549.0
008 008 260114s9999 xx 000 0 eng d
020 _a9781350492707
037 _aTextbook
040 _aCRL
040 _beng
040 _cCRL
041 _2eng
041 _aeng
084 _qCRL
100 _aNA NA
_9672292
245 0 _aShakespeare Dancing A Theatrical Study of the Plays
260 _bBloomsbury
260 _bThe Arden Shakespeare
260 _c2017
650 _aLiterary Studies
856 _uhttps://doi.org/10.1007/978-0-230-80199-8?locatt=label:secondary_bloomsburyCollections
942 _cEBOOK
999 _c1686663
_d1686663